Wymień wszystkich agentów z Valorant - Statystyki

Ogólne statystyki
  • Ten quiz został rozwiązany 749 razy
  • Średni wynik to 13 z 16
Statystyki odpowiedzi
Odpowiedź % Poprawnych
Jett
92%
Kay/O
90%
Sage
90%
Brimstone
89%
Reyna
88%
Raze
85%
Phoenix
82%
Breach
81%
Omen
79%
Viper
79%
Yoru
77%
Cypher
75%
Sova
75%
Skye
73%
Killjoy
69%
Astra
67%
Nie znaleziono quizów pasujących do podanych kryteriów
Rozkład punktacji
Procent ludzi z każdym wynikiem
Percentyl według liczby udzielonych odpowiedzi
Twoja historia wyników
Nie rozwiązałeś tego quizu